书目信息 |
| 题名: |
我国贸易发展与收入分配关系的理论研究和实证检验
|
|
| 作者: | 朱钟棣 , 王云飞 著 | |
| 分册: | ||
| 出版信息: | 北京 人民出版社 2008 |
|
| 页数: | 190页 | |
| 开本: | 23cm | |
| 丛书名: | ||
| 单 册: | ||
| 中图分类: | F722.9 , F124.7 | |
| 科图分类: | ||
| 主题词: | 商业经济--经济发展--关系--收入分配--研究--中国 , 商业经济 , 经济发展 | |
| 电子资源: | ||
| ISBN: | 978-7-01-007122-0 | |
| 000 | 00869nam0 2200265 45 | |
| 001 | 1032981953 | |
| 005 | 20100408162026.10 | |
| 010 | @a978-7-01-007122-0@dCNY26.00 | |
| 100 | @a20100331d2008 em y0chiy0110 ea | |
| 101 | 0 | @achi |
| 102 | @aCN@b110000 | |
| 105 | @ay z 000yy | |
| 106 | @ar | |
| 200 | 1 | @a我国贸易发展与收入分配关系的理论研究和实证检验@AWo Guo Mao Yi Fa Zhan Yu Shou Ru Fen Pei Guan Xi De Li Lun Yan Jiu He Shi Zheng Jian Yan@f朱钟棣,王云飞著@FZhu Zhong Di, Wang Yun Fei Zhu |
| 210 | @a北京@c人民出版社@d2008 | |
| 215 | @a190页@d23cm | |
| 606 | 0 | @a商业经济@x经济发展@x关系@x收入分配@x研究@y中国 |
| 606 | 0 | @a商业经济 |
| 606 | 0 | @a经济发展 |
| 690 | @aF722.9@v4 | |
| 690 | @aF124.7@v4 | |
| 701 | 0 | @a朱钟棣@AZhu Zhong Di@4著 |
| 701 | 0 | @a王云飞@AWang Yun Fei@4著 |
| 801 | 0 | @aCN@bTANGWEI@c20100408 |
| 905 | @b0587036-40@dF722.9@e53@f5 | |
| 我国贸易发展与收入分配关系的理论研究和实证检验/朱钟棣,王云飞著.-北京:人民出版社,2008 |
| 190页;23cm |
| ISBN 978-7-01-007122-0:CNY26.00 |
| ● |
| 相关链接 |
|
|
|
|
正题名:我国贸易发展与收入分配关系的理论研究和实证检验
索取号:F722.9/53
 
预约/预借
| 序号 | 登录号 | 条形码 | 馆藏地/架位号 | 状态 | 备注 |
| 1 | 0587036 | 205870360 | 第一样本阅览室/ [索取号:F722.9/53] | 在馆 | |
| 2 | 0587037 | 205870379 | 第一借阅区/ [索取号:F722.9/53] | 在馆 | |
| 3 | 0587038 | 205870388 | 第一借阅区/ [索取号:F722.9/53] | 在馆 | |
| 4 | 0587039 | 205870397 | 第一借阅区/ [索取号:F722.9/53] | 在馆 | |
| 5 | 0587040 | 205870404 | 第一借阅区/ [索取号:F722.9/53] | 在馆 |